Регионална библиотека "Любен Каравелов" - Русе

Литературна есеистика : В 2 т. (Запис номер 186125)

MARC детайли
000 -Лидер
Контролно поле с фиксирана дължина 01481nam a2200349 a 4500
003 - Код на организацията, давaща контролен номер
Контролно поле BLK
005 - Дата и час на последна редакция
Контролно поле 20231228162022.0
008 - Елементи от данни с фиксирана дължина
fixed length control field 180411b bul|||||r ||||||| ||bul||
010 ## - Наследен системен номер
LC control number KNG00195119000
040 ## - Източник на каталожния запис
Идентификатор на билиотеката - собственик на записа BLK
041 ## - Код за език
Код за езика на текст/звукозапис или на отделно заглавие Български
Код за езика КДБФ Български
080 ## - УДК
Текстов определител УДК Немска литература
УДК код - определител по УДК 821.112.2
УДК определител -4
УДК - код + определител 821.112.2-4
100 ## - Редна дума - Автор
Автор Ман, Томас
R(LIN) 254474
139 ## - Редно поле
Редна дума Ман, Томас
Авторски знак Ман - М 25
245 10 - Сведения за заглавието
Заглавие Литературна есеистика : В 2 т.
Подзаглавни данни Т. 1 -
Редно поле (дума) Томас Ман; предг. и състав. Исак Паси; прев. от нем. Страшимир Джамджиев.
Том Т. 2
Заглавие на том Благородство на духа
257 ## - Страна на издаване
Страна на създаване/издаване Германия
260 ## - Област на издателските данни
Име на издателя, разпространителя и проч. Наука и изкуство
Година на издаване 1978
Място на издаване, разпространение и проч. София
300 ## - Физическа характеристика
Размери/Мащаб 22 см
380 ## - Жанр
Жанр Худож. лит.
490 ## - СЕРИИ (Колекции)
Име на серия Библиотека Естетика и изкуствознание
9 (RLIN) 202181
700 1# - Други автори (авторска отговорност)
Лично име Паси, Исак
Автороска отговорност (Описва отношението между автора и произведението) предг. и състав.
9 (RLIN) 376232
700 1# - Други автори (авторска отговорност)
Лично име Джамджиев, Страшимир
Автороска отговорност (Описва отношението между автора и произведението) прев. от нем.
9 (RLIN) 368533
760 1# - Описание на основната серия
Редна дума на основното описание Ман, Томас
Място на издаване, издател и година 1978
Страници - том 708 с.
Заглавие Т. 2 Благородство на духа
852 ## - Местоположение
Форматна сигнатура Цб 90866
Фондова буква Хранилище
856 4# - Електронен адрес и достъп
Електронен формат pdf - файл
Инструкция (цена за достъп) 0.00
Права за достъп disable
856 4# - Електронен адрес и достъп
Електронен формат pdf - файл
Инструкция (цена за достъп) 0.00
Права за достъп disable
999 ## - СИСТЕМНИ КОНТРОЛНИ НОМЕРА
Koha biblionumber 186125
Koha biblioitemnumber 186125
942 ## - АРТИКУЛИ
Вид на библиотечния материал Книги
Скрит в OPAC Не
Периодичен библиозапис Да
944 ## - СЪЗДАВАНЕ И РЕДАКЦИЯ на ЗАПИСА
Създаване/Редакция Създаване
Дата на регистрацията/редакция 03.11.2016
Служител, извършил регистрацията/редакцията 30560
Статус, дата на статуса Геновева Генчева
944 ## - СЪЗДАВАНЕ И РЕДАКЦИЯ на ЗАПИСА
Създаване/Редакция Редакция
Дата на регистрацията/редакция 13.03.2018
Служител, извършил регистрацията/редакцията Ирена_Линкова
944 ## - СЪЗДАВАНЕ И РЕДАКЦИЯ на ЗАПИСА
Създаване/Редакция Редакция
Дата на регистрацията/редакция 2022-11-08
Служител, извършил регистрацията/редакцията Микаела Микова-Илиева
999 ## - СИСТЕМНИ КОНТРОЛНИ НОМЕРА
Koha biblioitemnumber 186125
Наличности
Код за отписване Код за изгубен артикул Източник на класификационната схема Код за повреда Коз за рестрикции Код за отдаване Артикулен № Име на библиотеката - собственик Име на библиотеката, в която се намира в момента Статус (Текущо местоположение) Дата на вписване в системата Местоположение - отдел Цена в лева Инвентарен номер Систематично азбучна сигнатура Баркод Номер на екземпляра Цена в евро Служебна бележка Служебен тип на артикула
  Не е изгубен Universal Decimal Classification Не е повреден само за читалня ползва се в читалня 323560 Регионална библиотека "Любен Каравелов" Русе Регионална библиотека "Любен Каравелов" Русе Хранилище 1978-01-01 Хранилище 3.34 255309 Цб 90866 120000255309 1 1.71 N: стар фонд Дата: 01.01.1978 Книги
  Не е изгубен Universal Decimal Classification Не е повреден без рестрикции заемане за дома 323561 Регионална библиотека "Любен Каравелов" Русе Регионална библиотека "Любен Каравелов" Русе Заемна - подръчен фонд 1978-01-01 Заемна - подръчен фонд 3.34 255943 П 830-4/М 25 120000255943 2 1.71 N: стар фонд Дата: 01.01.1978 Дата инв: 15.02.2018 Бележки инв: П2018 Книги
Vip Innovations Ltd, Rousse, Bulgaria 2025